000 00654nam a2200193 4500
999 _c170495
_d170495
005 20191216172508.0
010 _aENG-127161
020 _a9788178245485
_c595.00
035 _aEN-110693
037 _bDBAD/PUB
082 _a539.709
100 _aPhalkey, Jahnavi
245 _aAtomic state /
_cby Jahnavi Phalkey
_bbig science in twentieth-century India /
260 _aRanikhet
_bPermanent Black
_c2013
270 _aHimalayana, Mall Road, Ranikhet Cantt
_bRanikhet
_e263645
_mperblack@gmail.com
300 _axvii;335p .
_c21cm(pbk)
500 _aIncludes bibliographical references and index
942 _2ddc
_cEN
_h539.709
_mPHA